Statistics for Membros da FIFA Que Não São Países Independentes

Click here to take the quiz!

General Stats

  • This quiz has been taken 758 times
  • The average score is 9 of 24

Answer Stats

Confederação Membro % Correct
UEFAEscócia
68%
UEFAPaís de Gales
67%
UEFAIrlanda do Norte
64%
UEFAInglaterra
60%
CONCACAFPorto Rico
47%
UEFAIlhas Féroe
46%
OFCTaiti
41%
UEFAGibraltar
41%
AFCPalestina
36%
CONCACAFAruba
35%
AFCHong Kong
34%
CONCACAFCuraçao
32%
CONCACAFIlhas Virgens Britânicas
28%
CONCACAFBermudas
28%
CONCACAFIlhas Virgens Americanas
28%
AFCMacau
26%
OFCSamoa Americana
25%
OFCNova Caledônia
25%
CONCACAFIlhas Turks e Caicos
23%
AFCGuam
23%
CONCACAFMontserrat
23%
OFCIlhas Cook
22%
CONCACAFIlhas Cayman
22%
CONCACAFAnguilla
21%

Score Distribution

Percentile by Number Answered

Percent of People with Each Score

Your Score History

You have not taken this quiz